[Event "CZE-ch Youth B14 2022"]
[Site "Luhacovice"]
[Date "2022.03.19"]
[Round "9.5"]
[White "Zelba, Lukas"]
[Black "Jasso, Matej"]
[Result "1-0"]
[WhiteElo "1945"]
[BlackElo "1726"]
[Annotator "ChessBase"]
[PlyCount "75"]
[EventDate "2022.03.12"]
[EventType "swiss"]
[EventCountry "CZE"]
[SourceTitle "playchess.com"]
[Source "ChessBase"]
[SourceQuality "1"]
[TimeControl "40/5400+30:1800+30"]

1. d4 {[%emt 0:00:05]} d5 {[%emt 0:00:11]} 2. c4 {[%emt 0:00:14]} e6 {[%emt 0:00:05]} 3. Nc3 {[%emt 0:00:02]} Nf6 {[%emt 0:00:06]} 4. cxd5 {[%emt 0:00:08]} exd5 {[%emt 0:00:07]} 5. Bg5 {[%emt 0:01:43]} Be7 {[%emt 0:01:22]} 6. e3 {[%emt 0:02:58]} c6 {[%emt 0:00:34]} 7. Qc2 {[%emt 0:01:55]} Nbd7 {[%emt 0:01:36]} 8. Bd3 {[%emt 0:01:19]} h6 {[%emt 0:00:28]} 9. Bh4 {[%emt 0:10:31]} O-O {[%emt 0:00:57]} 10. h3 {[%emt 0:01:53]} Re8 {[%emt 0:02:45]} 11. Nf3 {[%emt 0:00:33]} b5 {[%emt 0:03:55]} 12. O-O {[%emt 0:05:20]} Qb6 {[%emt 0:05:09]} 13. a4 {[%emt 0:02:00]} b4 {[%emt 0:03:51]} 14. a5 {[%emt 0:03:58]} Qd8 {[%emt 0:04:56]} 15. Ne2 {[%emt 0:03:35]} c5 {[%emt 0:07:46]} 16. Bxf6 {[%emt 0:01:44]} Bxf6 {[%emt 0:01:14]} 17. dxc5 {[%emt 0:00:09]} b3 {[%emt 0:00:30]} 18. Qc1 {[%emt 0:06:14]} Qc7 {[%emt 0:04:30]} 19. c6 {[%emt 0:06:33]} Ne5 {[%emt 0:05:18]} 20. Nxe5 {[%emt 0:00:11]} Rxe5 {[%emt 0:00:06]} 21. Nd4 {[%emt 0:03:20]} Rh5 {[%emt 0:15:22]} 22. Be2 {[%emt 0:09:13]} Rh4 {[%emt 0:01:49]} 23. f4 {[%emt 0:00:20]} Bxd4 {[%emt 0:07:28]} 24. exd4 {[%emt 0:00:06]} Bf5 {[%emt 0:00:38]} 25. Qe1 {[%emt 0:15:52]} Rxf4 {[%emt 0:00:28]} 26. Qb4 {[%emt 0:00:13]} Rb8 {[%emt 0:06:39]} 27. Qc3 {[%emt 0:00:39]} Be4 {[%emt 0:02:43]} 28. Rxf4 {[%emt 0:02:31]} Qxf4 {[%emt 0:00:13]} 29. Ba6 {[%emt 0:01:24]} Qc7 {[%emt 0:01:36]} 30. Bb7 {[%emt 0:02:02]} f5 {[%emt 0:01:16]} 31. a6 {[%emt 0:00:15]} f4 {[%emt 0:00:43]} 32. Qa5 {[%emt 0:00:10]} Qd6 {[%emt 0:02:18]} 33. c7 {[%emt 0:01:19]} Rf8 {[%emt 0:01:17]} 34. Qc5 {[%emt 0:00:38]} Qf6 {[%emt 0:03:37]} 35. Qxf8+ {[%emt 0:03:07]} Kxf8 {[%emt 0:00:20]} 36. c8=Q+ {[%emt 0:00:09]} Kf7 {[%emt 0:00:14]} 37. Qc7+ {[%emt 0:01:01]} Kg8 {[%emt 0:00:46]} 38. Qe5 {[%emt 0:00:31]} 1-0

[Event "CZE-ch Youth B14 2022"]
[Site "Luhacovice"]
[Date "2022.03.19"]
[Round "9.6"]
[White "Siles, Jan"]
[Black "Hozda, Max"]
[Result "1/2-1/2"]
[WhiteElo "1548"]
[BlackElo "1901"]
[Annotator "ChessBase"]
[PlyCount "81"]
[EventDate "2022.03.12"]
[EventType "swiss"]
[EventCountry "CZE"]
[SourceTitle "playchess.com"]
[Source "ChessBase"]
[SourceQuality "1"]
[TimeControl "40/5400+30:1800+30"]

1. d4 {[%emt 0:00:10]} d5 {[%emt 0:00:19]} 2. Bf4 {[%emt 0:00:29]} Nf6 {[%emt 0:00:30]} 3. Nf3 {[%emt 0:00:26]} c5 {[%emt 0:00:48]} 4. e3 {[%emt 0:01:22]} Nc6 {[%emt 0:00:40]} 5. c3 {[%emt 0:01:41]} Qb6 {[%emt 0:00:55]} 6. Qb3 {[%emt 0:04:20]} c4 {[%emt 0:00:40]} 7. Qxb6 {[%emt 0:01:55]} axb6 {[%emt 0:00:03]} 8. Na3 {[%emt 0:02:35]} Bd7 {[%emt 0:40:31]} 9. Nb5 {[%emt 0:02:28]} Ra5 {[%emt 0:00:18]} 10. Nc7+ {[%emt 0:10:38]} Kd8 {[%emt 0:00:03]} 11. Ng5 {[%emt 0:00:06]} Be8 {[%emt 0:04:39]} 12. Nxe8 {[%emt 0:13:05]} Kxe8 {[%emt 0:00:28]} 13. a3 {[%emt 0:03:32]} e6 {[%emt 0:03:00]} 14. O-O-O {[%emt 0:00:43]} h6 {[%emt 0:01:50]} 15. Nf3 {[%emt 0:00:28]} Ne4 {[%emt 0:02:49]} 16. Bg3 {[%emt 0:01:19]} f6 {[%emt 0:02:28]} 17. Nd2 {[%emt 0:01:00]} Nxg3 {[%emt 0:01:19]} 18. hxg3 {[%emt 0:01:20]} Kd7 {[%emt 0:03:32]} 19. e4 {[%emt 0:04:08]} b5 {[%emt 0:06:45]} 20. exd5 {[%emt 0:01:50]} exd5 {[%emt 0:00:06]} 21. Be2 {[%emt 0:00:12]} Bd6 {[%emt 0:05:54]} 22. Bg4+ {[%emt 0:04:38]} Kc7 {[%emt 0:02:22]} 23. Nf3 {[%emt 0:01:24]} Re8 {[%emt 0:03:13]} 24. Nh4 {[%emt 0:02:00]} Bf8 {[%emt 0:03:09]} 25. Bh5 {[%emt 0:03:18]} Rd8 {[%emt 0:00:54]} 26. Rde1 {[%emt 0:01:44]} Raa8 {[%emt 0:02:44]} 27. Kc2 {[%emt 0:02:07]} Rd7 {[%emt 0:02:07]} 28. Re3 {[%emt 0:03:35]} Re7 {[%emt 0:01:06]} 29. Rhe1 {[%emt 0:00:10]} Rxe3 {[%emt 0:00:36]} 30. Rxe3 {[%emt 0:00:20]} Ne7 {[%emt 0:00:38]} 31. Bf7 {[%emt 0:06:23]} Rd8 {[%emt 0:00:34]} 32. Kd2 {[%emt 0:01:44]} Rd6 {[%emt 0:03:47]} 33. Ke2 {[%emt 0:00:57]} f5 {[%emt 0:04:35]} 34. Re6 {[%emt 0:04:56]} g5 {[%emt 0:02:26]} 35. Rxd6 {[%emt 0:03:14]} Kxd6 {[%emt 0:00:20]} 36. Ng6 {[%emt 0:00:06]} Nxg6 {[%emt 0:00:54]} 37. Bxg6 {[%emt 0:00:06]} Ke6 {[%emt 0:00:41]} 38. Be8 {[%emt 0:00:18]} Bd6 {[%emt 0:00:34]} 39. Bxb5 {[%emt 0:01:19]} f4 {[%emt 0:00:54]} 40. g4 {[%emt 0:00:12]} Bc7 {[%emt 0:00:35]} 41. Ba4 {[%emt 0:33:59]} 1/2-1/2

[Event "CZE-ch Youth B14 2022"]
[Site "Luhacovice"]
[Date "2022.03.19"]
[Round "9.7"]
[White "Setina, Vaclav"]
[Black "Svoboda, Daniel"]
[Result "0-1"]
[WhiteElo "1881"]
[BlackElo "1619"]
[Annotator "NA"]
[PlyCount "76"]
[EventDate "2022.03.12"]
[EventType "swiss"]
[EventCountry "CZE"]
[SourceTitle "playchess.com"]
[Source "ChessBase"]
[SourceQuality "1"]
[TimeControl "40/5400+30:1800+30"]

1. e4 {[%emt 0:00:30]} c5 {[%emt 0:00:30]} 2. Nf3 {[%emt 0:00:30]} d6 {[%emt 0:00:30]} 3. d4 {[%emt 0:00:30]} cxd4 {[%emt 0:00:30]} 4. Nxd4 {[%emt 0:00:30]} Nf6 {[%emt 0:00:30]} 5. Nc3 {[%emt 0:00:30]} a6 {[%emt 0:00:30]} 6. Bg5 {[%emt 0:00:30]} e6 {[%emt 0:00:30]} 7. Qd2 {[%emt 0:03:35]} Be7 {[%emt 0:01:44]} 8. O-O-O {[%emt 0:00:24]} Qc7 {[%emt 0:01:35]} 9. f3 {[%emt 0:01:16]} Nbd7 {[%emt 0:01:43]} 10. h4 {[%emt 0:01:44]} b5 {[%emt 0:02:33]} 11. g4 {[%emt 0:00:22]} Bb7 {[%emt 0:09:47]} 12. h5 {[%emt 0:03:19]} (12. a3 $14) 12... h6 {[%emt 0:02:18]} 13. Bh4 $15 {[%emt 0:04:12]} Ne5 {[%emt 0:08:42]} 14. Be2 {[%emt 0:33:16]} Nc4 {[%emt 0:02:49]} 15. Bxc4 {[%emt 0:00:48]} Qxc4 {[%emt 0:00:18]} 16. Rdg1 {[%emt 0:01:05]} Rc8 {[%emt 0:09:35]} 17. Nb3 {[%emt 0:07:26]} b4 {[%emt 0:04:16]} 18. Nb1 {[%emt 0:01:24]} Ba8 {[%emt 0:07:27]} 19. Rg2 {[%emt 0:18:07]} Nxe4 {[%emt 0:05:30]} 20. Qd1 {[%emt 0:09:17]} Ng5 {[%emt 0:12:48]} 21. N1d2 {[%emt 0:01:26]} Qd5 {[%emt 0:02:26]} 22. Rf2 {[%emt 0:01:45]} a5 {[%emt 0:01:19]} 23. Kb1 {[%emt 0:00:57]} a4 {[%emt 0:01:48]} 24. Nc1 {[%emt 0:00:10]} a3 {[%emt 0:01:13]} 25. Nd3 {[%emt 0:03:29]} axb2 26. Rhh2 {[%emt 0:02:21]} Qa5 {[%emt 0:05:11]} 27. Bxg5 {[%emt 0:03:32]} Bxg5 {[%emt 0:00:05]} 28. Ne4 {[%emt 0:00:05]} Bd5 {[%emt 0:01:56]} 29. Nxd6+ {[%emt 0:01:09]} Kf8 {[%emt 0:01:29]} 30. Nxb4 {[%emt 0:00:46]} Qxb4 {[%emt 0:00:15]} 31. Nxc8 {[%emt 0:00:34]} Qc4 {[%emt 0:02:43]} 32. Kxb2 {[%emt 0:00:29]} Qxa2+ {[%emt 0:02:55]} 33. Kc3 {[%emt 0:00:01]} Qc4+ {[%emt 0:00:21]} 34. Kb2 {[%emt 0:00:02]} Qb4+ {[%emt 0:00:19]} 35. Ka1 {[%emt 0:00:11]} Qa3+ {[%emt 0:00:13]} 36. Kb1 {[%emt 0:00:02]} Ba2+ {[%emt 0:00:11]} 37. Ka1 {[%emt 0:00:14]} Bb3+ {[%emt 0:00:11]} 38. Kb1 {[%emt 0:00:02]} Qa2# {[%emt 0:00:06]} 0-1

[Event "CZE-ch Youth B14 2022"]
[Site "Luhacovice"]
[Date "2022.03.19"]
[Round "9.8"]
[White "Babula, Matej"]
[Black "Zrubek, Dan"]
[Result "1/2-1/2"]
[WhiteElo "1753"]
[BlackElo "1478"]
[Annotator "NA"]
[PlyCount "88"]
[EventDate "2022.03.12"]
[EventType "swiss"]
[EventCountry "CZE"]
[SourceTitle "playchess.com"]
[Source "ChessBase"]
[SourceQuality "1"]
[TimeControl "40/5400+30:1800+30"]

1. e4 {[%emt 0:00:01]} c5 {[%emt 0:00:12]} 2. Nf3 {[%emt 0:00:02]} d6 {[%emt 0:00:07]} 3. d4 {[%emt 0:00:03]} cxd4 {[%emt 0:00:33]} 4. Nxd4 {[%emt 0:00:01]} Nf6 {[%emt 0:00:28]} 5. Nc3 {[%emt 0:00:01]} g6 {[%emt 0:00:09]} 6. Be3 {[%emt 0:00:06]} Bg7 {[%emt 0:00:41]} 7. f3 {[%emt 0:00:04]} O-O {[%emt 0:00:19]} 8. Bc4 {[%emt 0:00:10]} Nc6 {[%emt 0:00:24]} 9. Qd2 {[%emt 0:00:08]} Nxd4 {[%emt 0:00:18]} 10. Bxd4 {[%emt 0:00:06]} Be6 {[%emt 0:00:04]} 11. Bb3 {[%emt 0:00:09]} Qa5 {[%emt 0:00:25]} 12. O-O-O {[%emt 0:00:11]} b5 {[%emt 0:02:05]} 13. Kb1 {[%emt 0:20:51]} b4 {[%emt 0:02:08]} 14. Nd5 {[%emt 0:00:54]} Bxd5 {[%emt 0:02:46]} 15. exd5 {[%emt 0:00:06]} Qb5 {[%emt 0:02:57]} 16. Rhe1 {[%emt 0:16:15]} a5 {[%emt 0:18:57]} 17. Qe2 {[%emt 0:03:24]} Qxe2 {[%emt 0:03:32]} 18. Rxe2 {[%emt 0:00:08]} Nd7 {[%emt 0:21:51]} 19. Bxg7 {[%emt 0:07:40]} Kxg7 {[%emt 0:00:05]} 20. Rxe7 {[%emt 0:02:30]} Nb6 {[%emt 0:01:28]} 21. a3 {[%emt 0:07:31]} bxa3 {[%emt 0:01:06]} 22. bxa3 {[%emt 0:01:28]} a4 {[%emt 0:00:17]} 23. Ba2 {[%emt 0:00:04]} Rfe8 {[%emt 0:01:13]} 24. Rde1 {[%emt 0:02:25]} Rxe7 {[%emt 0:02:08]} 25. Rxe7 Ra5 {[%emt 0:00:26]} 26. c4 {[%emt 0:05:33]} Rc5 {[%emt 0:00:32]} 27. Re4 {[%emt 0:01:18]} h6 {[%emt 0:01:15]} 28. Rd4 {[%emt 0:05:14]} Kf6 {[%emt 0:01:17]} 29. Kc2 {[%emt 0:00:44]} Ke5 {[%emt 0:01:10]} 30. Re4+ {[%emt 0:00:56]} Kf6 {[%emt 0:00:35]} 31. Kd3 {[%emt 0:00:29]} Rc8 {[%emt 0:01:09]} 32. Re1 {[%emt 0:04:08]} Nd7 {[%emt 0:01:22]} 33. Kd4 {[%emt 0:05:10]} Rb8 {[%emt 0:01:58]} 34. Rb1 {[%emt 0:00:07]} Re8 {[%emt 0:01:37]} 35. Rb2 {[%emt 0:03:07]} Re1 {[%emt 0:02:21]} 36. Kd3 {[%emt 0:07:12]} Nc5+ {[%emt 0:02:24]} 37. Kd2 {[%emt 0:00:31]} Rh1 {[%emt 0:02:37]} 38. h3 {[%emt 0:00:10]} Ke5 {[%emt 0:00:25]} 39. Ke3 {[%emt 0:04:04]} g5 {[%emt 0:02:16]} 40. Rc2 {[%emt 0:05:37]} Re1+ {[%emt 0:15:55]} 41. Kd2 {[%emt 0:30:44]} Ra1 {[%emt 0:31:54]} 42. Kc3 {[%emt 0:00:00]} Kf4 {[%emt 0:00:00]} 43. Kb4 {[%emt 0:00:00]} Re1 {[%emt 0:00:00]} 44. Kb5 {[%emt 0:00:00]} Re3 {[%emt 0:00:00]} 1/2-1/2

[Event "CZE-ch Youth B14 2022"]
[Site "Luhacovice"]
[Date "2022.03.19"]
[Round "9.9"]
[White "Vysinsky, Otakar"]
[Black "Davidek, Zdenek"]
[Result "0-1"]
[WhiteElo "1534"]
[BlackElo "1570"]
[Annotator "NA"]
[PlyCount "106"]
[EventDate "2022.03.12"]
[EventType "swiss"]
[EventCountry "CZE"]
[SourceTitle "playchess.com"]
[Source "ChessBase"]
[SourceQuality "1"]
[TimeControl "40/5400+30:1800+30"]

1. Nf3 {[%emt 0:00:14]} Nf6 {[%emt 0:00:12]} 2. d3 {[%emt 0:00:17]} d5 {[%emt 0:01:01]} 3. g3 {[%emt 0:00:38]} g6 {[%emt 0:03:05]} 4. Bg2 {[%emt 0:00:31]} Bg7 {[%emt 0:00:07]} 5. O-O {[%emt 0:00:26]} O-O {[%emt 0:00:07]} 6. Nbd2 {[%emt 0:02:10]} c5 {[%emt 0:05:42]} 7. e4 {[%emt 0:01:31]} Nc6 {[%emt 0:00:40]} 8. Nh4 {[%emt 0:03:30]} e5 {[%emt 0:07:51]} 9. exd5 {[%emt 0:03:45]} Nxd5 {[%emt 0:00:05]} 10. Ne4 {[%emt 0:00:43]} b6 {[%emt 0:05:20]} 11. Bg5 {[%emt 0:06:46]} f6 {[%emt 0:00:18]} 12. Bd2 {[%emt 0:00:29]} Be6 {[%emt 0:07:16]} 13. Nc3 {[%emt 0:03:47]} Rc8 {[%emt 0:03:50]} 14. Nxd5 {[%emt 0:08:49]} Bxd5 {[%emt 0:00:06]} 15. Bxd5+ {[%emt 0:00:26]} Qxd5 {[%emt 0:00:05]} 16. Ng2 {[%emt 0:00:32]} Rce8 {[%emt 0:05:50]} 17. Bc3 {[%emt 0:03:39]} Rf7 {[%emt 0:04:14]} 18. Qd2 {[%emt 0:03:19]} Nd4 {[%emt 0:05:40]} 19. Bxd4 {[%emt 0:00:14]} Qxd4 {[%emt 0:00:05]} 20. b3 {[%emt 0:02:33]} f5 {[%emt 0:01:03]} 21. Rae1 {[%emt 0:01:02]} b5 {[%emt 0:03:11]} 22. Qd1 {[%emt 0:04:58]} Rf6 {[%emt 0:03:51]} 23. Nf4 {[%emt 0:05:41]} Ra6 {[%emt 0:00:55]} 24. Ne2 {[%emt 0:00:19]} Qb2 {[%emt 0:00:56]} 25. Qd2 {[%emt 0:05:51]} Rxa2 {[%emt 0:08:11]} 26. Nc3 {[%emt 0:00:22]} Qxc2 {[%emt 0:00:42]} 27. Qxc2 {[%emt 0:00:01]} Rxc2 {[%emt 0:00:09]} 28. Nxb5 {[%emt 0:00:03]} Rb8 {[%emt 0:02:33]} 29. Nxa7 {[%emt 0:01:18]} Rxb3 {[%emt 0:00:50]} 30. Rc1 {[%emt 0:02:33]} Rcc3 {[%emt 0:12:57]} 31. Nc6 {[%emt 0:00:52]} Rxd3 {[%emt 0:06:29]} 32. Rxc5 {[%emt 0:00:22]} Rdc3 {[%emt 0:00:36]} 33. Rc1 {[%emt 0:02:04]} Rxc1+ {[%emt 0:00:09]} 34. Rxc1 {[%emt 0:00:02]} Rb7 {[%emt 0:00:14]} 35. Rd1 {[%emt 0:04:17]} Rc7 {[%emt 0:00:52]} 36. Nb4 {[%emt 0:03:58]} Kf7 {[%emt 0:00:30]} 37. Nd5 {[%emt 0:01:01]} Rd7 {[%emt 0:00:10]} 38. Ne3 {[%emt 0:00:18]} Rxd1+ {[%emt 0:00:05]} 39. Nxd1 {[%emt 0:00:02]} Ke6 {[%emt 0:00:14]} 40. f3 {[%emt 0:01:19]} Kd5 {[%emt 0:00:16]} 41. Kg2 {[%emt 0:32:34]} Kd4 {[%emt 0:30:31]} 42. g4 {[%emt 0:03:10]} fxg4 {[%emt 0:03:01]} 43. fxg4 {[%emt 0:00:11]} e4 {[%emt 0:00:50]} 44. h4 {[%emt 0:04:35]} Ke5 {[%emt 0:08:13]} 45. Kg3 {[%emt 0:07:07]} Bf8 {[%emt 0:01:02]} 46. Nc3 {[%emt 0:04:14]} Kd4 {[%emt 0:00:00]} 47. Ne2+ {[%emt 0:00:00]} Ke3 {[%emt 0:00:00]} 48. Ng1 {[%emt 0:00:00]} Bc5 {[%emt 0:00:00]} 49. Nh3 {[%emt 0:00:00]} Kd2 {[%emt 0:00:00]} 50. h5 {[%emt 0:00:00]} e3 {[%emt 0:00:00]} 51. Ng1 {[%emt 0:00:00]} e2 {[%emt 0:00:00]} 52. Nxe2 {[%emt 0:00:00]} Kxe2 {[%emt 0:00:00]} 53. Kf4 {[%emt 0:00:00]} Be3+ 0-1

[Event "CZE-ch Youth B14 2022"]
[Site "Luhacovice"]
[Date "2022.03.19"]
[Round "9.10"]
[White "Sigut, Ondrej"]
[Black "Tesar, Jakub"]
[Result "1-0"]
[WhiteElo "1536"]
[BlackElo "1660"]
[Annotator "NA"]
[PlyCount "81"]
[EventDate "2022.03.12"]
[EventType "swiss"]
[EventCountry "CZE"]
[SourceTitle "playchess.com"]
[Source "ChessBase"]
[SourceQuality "1"]
[TimeControl "40/5400+30:1800+30"]

1. e4 {[%emt 0:00:03]} e6 {[%emt 0:00:11]} 2. d4 {[%emt 0:00:09]} d5 {[%emt 0:00:08]} 3. e5 {[%emt 0:00:07]} c5 {[%emt 0:00:05]} 4. c3 {[%emt 0:00:05]} Nc6 {[%emt 0:00:08]} 5. Nf3 {[%emt 0:00:07]} Qb6 {[%emt 0:00:08]} 6. a3 {[%emt 0:00:17]} f6 {[%emt 0:00:12]} 7. exf6 {[%emt 0:00:50]} Nxf6 {[%emt 0:00:12]} 8. Bd3 {[%emt 0:00:37]} Bd6 {[%emt 0:01:00]} 9. b4 {[%emt 0:02:17]} c4 {[%emt 0:01:25]} 10. Bc2 {[%emt 0:02:41]} O-O {[%emt 0:03:10]} 11. a4 {[%emt 0:04:16]} a6 {[%emt 0:28:21]} 12. O-O {[%emt 0:03:07]} e5 {[%emt 0:02:13]} 13. dxe5 {[%emt 0:03:15]} Nxe5 {[%emt 0:00:12]} 14. Nxe5 {[%emt 0:02:49]} Bxe5 {[%emt 0:00:08]} 15. Be3 {[%emt 0:01:30]} Qc7 {[%emt 0:00:53]} 16. g3 {[%emt 0:07:31]} Qf7 {[%emt 0:38:25]} 17. f4 {[%emt 0:19:28]} Bb8 {[%emt 0:02:03]} 18. Bd4 {[%emt 0:10:01]} Ba7 {[%emt 0:00:48]} 19. Bxa7 {[%emt 0:02:47]} Rxa7 {[%emt 0:00:05]} 20. Qd4 {[%emt 0:01:08]} Ra8 {[%emt 0:00:22]} 21. Nd2 {[%emt 0:01:21]} Bg4 {[%emt 0:04:06]} 22. Rae1 {[%emt 0:02:50]} Rae8 {[%emt 0:00:49]} 23. Rxe8 {[%emt 0:11:48]} Rxe8 {[%emt 0:00:10]} 24. Nf3 {[%emt 0:01:48]} Bxf3 {[%emt 0:09:37]} 25. Rxf3 {[%emt 0:00:16]} Re1+ {[%emt 0:03:07]} 26. Rf1 {[%emt 0:02:59]} Qe7 {[%emt 0:02:18]} 27. Rxe1 {[%emt 0:05:12]} Qxe1+ {[%emt 0:00:10]} 28. Kg2 {[%emt 0:00:07]} Qe2+ {[%emt 0:00:11]} 29. Qf2 {[%emt 0:00:04]} Qxf2+ {[%emt 0:00:07]} 30. Kxf2 {[%emt 0:00:01]} Ng4+ 31. Ke2 {[%emt 0:01:11]} g6 {[%emt 0:03:22]} 32. h3 Nf6 {[%emt 0:00:21]} 33. Ke3 {[%emt 0:02:49]} Kf7 34. Kd4 {[%emt 0:02:28]} Nh5 {[%emt 0:02:12]} 35. Kxd5 {[%emt 0:02:36]} Nxg3 {[%emt 0:00:10]} 36. Kxc4 {[%emt 0:00:39]} Ne2 {[%emt 0:00:33]} 37. f5 {[%emt 0:00:45]} g5 {[%emt 0:00:21]} 38. a5 {[%emt 0:06:30]} Nf4 {[%emt 0:00:55]} 39. Be4 {[%emt 0:00:22]} Nxh3 {[%emt 0:00:11]} 40. Bxb7 {[%emt 0:00:08]} g4 {[%emt 0:00:42]} 41. b5 1-0

[Event "CZE-ch Youth B14 2022"]
[Site "Luhacovice"]
[Date "2022.03.19"]
[Round "9.11"]
[White "Mrazek, Adam"]
[Black "Kubin, Tomas Daniel"]
[Result "0-1"]
[WhiteElo "1582"]
[BlackElo "1666"]
[Annotator "NA"]
[PlyCount "74"]
[EventDate "2022.03.12"]
[EventType "swiss"]
[EventCountry "CZE"]
[SourceTitle "playchess.com"]
[Source "ChessBase"]
[SourceQuality "1"]
[TimeControl "40/5400+30:1800+30"]

1. Nf3 {[%emt 0:00:03]} Nf6 {[%emt 0:00:21]} 2. c4 {[%emt 0:00:11]} g6 {[%emt 0:00:44]} 3. Nc3 {[%emt 0:00:10]} Bg7 {[%emt 0:00:20]} 4. e4 {[%emt 0:00:28]} O-O {[%emt 0:05:58]} 5. d4 {[%emt 0:03:41]} d6 {[%emt 0:04:41]} 6. Be2 {[%emt 0:00:57]} c5 {[%emt 0:00:59]} 7. O-O {[%emt 0:00:41]} Nbd7 {[%emt 0:06:18]} 8. Be3 {[%emt 0:03:18]} b6 {[%emt 0:02:00]} 9. Ne1 {[%emt 0:14:58]} e6 {[%emt 0:07:45]} 10. f3 {[%emt 0:13:40]} Bb7 {[%emt 0:03:08]} 11. Nc2 {[%emt 0:04:59]} d5 {[%emt 0:10:44]} 12. cxd5 {[%emt 0:25:12]} exd5 {[%emt 0:01:23]} 13. e5 {[%emt 0:04:24]} Ne8 {[%emt 0:02:07]} 14. f4 {[%emt 0:02:24]} Nc7 {[%emt 0:02:13]} 15. Bf3 {[%emt 0:03:04]} Re8 {[%emt 0:07:32]} 16. dxc5 {[%emt 0:06:53]} Nxc5 {[%emt 0:00:47]} 17. Nb4 {[%emt 0:00:18]} Ne4 {[%emt 0:09:46]} 18. Nxe4 {[%emt 0:02:49]} dxe4 {[%emt 0:00:18]} 19. Be2 {[%emt 0:00:17]} Qe7 {[%emt 0:03:00]} 20. Qb3 {[%emt 0:01:43]} Red8 {[%emt 0:05:56]} 21. Rfd1 {[%emt 0:00:13]} Kh8 {[%emt 0:07:50]} 22. Nc2 {[%emt 0:02:37]} f6 {[%emt 0:01:40]} 23. exf6 {[%emt 0:00:26]} Bxf6 {[%emt 0:00:43]} 24. Bd4 {[%emt 0:00:18]} Bxd4+ {[%emt 0:03:59]} 25. Nxd4 {[%emt 0:00:24]} Qf6 {[%emt 0:00:38]} 26. Qe3 {[%emt 0:03:48]} Nd5 {[%emt 0:04:07]} 27. Qxe4 {[%emt 0:01:11]} Re8 {[%emt 0:00:24]} 28. Qf3 {[%emt 0:02:21]} Re7 {[%emt 0:02:08]} 29. Qg3 {[%emt 0:02:21]} Nxf4 {[%emt 0:01:38]} 30. Bf3 {[%emt 0:00:35]} Bxf3 {[%emt 0:01:07]} 31. Qxf3 {[%emt 0:00:10]} Rf8 {[%emt 0:02:14]} 32. Rac1 {[%emt 0:01:23]} Qg5 {[%emt 0:01:20]} 33. Qg3 {[%emt 0:00:31]} Qe5 {[%emt 0:01:46]} 34. Kh1 {[%emt 0:00:31]} Rd7 {[%emt 0:00:00]} 35. Qc3 {[%emt 0:00:00]} Rfd8 {[%emt 0:00:00]} 36. Rc2 {[%emt 0:00:00]} Rxd4 {[%emt 0:00:00]} 37. Rcd2 {[%emt 0:00:00]} Ne6 {[%emt 0:00:00]} 0-1

[Event "CZE-ch Youth B14 2022"]
[Site "Luhacovice"]
[Date "2022.03.19"]
[Round "9.12"]
[White "Veverka, Vladimir"]
[Black "Juracak, David"]
[Result "1/2-1/2"]
[WhiteElo "1723"]
[BlackElo "1717"]
[Annotator "NA"]
[PlyCount "74"]
[EventDate "2022.03.12"]
[EventType "swiss"]
[EventCountry "CZE"]
[SourceTitle "playchess.com"]
[Source "ChessBase"]
[SourceQuality "1"]
[TimeControl "40/5400+30:1800+30"]

1. d4 d5 2. c4 dxc4 3. e3 Nf6 4. Bxc4 e6 5. Nc3 c5 6. dxc5 Bxc5 7. Qxd8+ Kxd8 8. a3 a6 9. b4 Bb6 10. Bb2 Ke7 11. Nf3 Bd7 12. Ke2 Nc6 13. Rhd1 Rac8 14. Bb3 Rhd8 15. Rac1 Ba7 16. h3 h6 17. Nb1 Be8 18. Nc3 Rxd1 19. Rxd1 Rd8 20. Rxd8 Kxd8 21. Nd2 Ke7 22. Nde4 Nxe4 23. Nxe4 f6 24. Nd2 Bb8 25. Nf3 Bd6 26. Nd4 Nxd4+ 27. Bxd4 Bb5+ 28. Ke1 a5 29. Bc3 axb4 30. Bxb4 Bxb4+ 31. axb4 e5 32. g3 Bd7 33. h4 Be6 34. Bc2 Kd6 35. Kd2 Bf7 36. Be4 Bd5 37. Bc2 Bf7 1/2-1/2